Treba esperanto presadzovať do svetového užívania?

Bibliographic Details
Main Author: Höger, Karel (Author)
Format: Article
Language:Czech

MARC

LEADER 00000nab a2200000 a 4500
001 vtls011102862
003 SK-MaSNL
005 20260303150112.0
008 230222|1967 xo |||||||||||||||||cze|
015 |a SNBRB 
035 |a (uuid)3058ce21-d27d-4554-8c4d-eeb7b7ec9814 
035 |a (urnnbn)urn:nbn:sk:snk:ar-a082uf 
035 |a urn:nbn:sk:snk-ab99ii 
040 |a SNKBUCL  |b slo  |c SNKBUCL  |e AACR2 
041 0 |a cze 
044 |a xo  |c SK 
100 1 |a Höger, Karel  |4 aut  |9 630249 
245 1 0 |a Treba esperanto presadzovať do svetového užívania?  |c Karel Höger 
773 0 |t Svet vedy : populárnovedecký mesačník SAV a Čs. spoločnosti pre šírenie politických a vedeckých poznatkov  |g Roč. 14, č. 5 (1967), s. 303-304 
958 |a OND 
958 |a EUIPO 
958 |a article13 
999 |c 2007754  |d 2009684